000 00973nam a22002177a 4500
005 20100818105822.0
010 _aHIN-90191
020 _a9788176781275
_c200.00
035 _aHN-62537
037 _bDBAD / PUB
082 _a821
100 _aखरे, देवेन्द्रनाथ
_914694
245 _aनींव लिखे कुछ शिखरों तक /
_cदेवेन्द्रनाथ खरे
246 _aneev likhe kuchha shikharon tak
_bby Devendra Nath Khare
260 _aलखनऊ
_bभारत बुक सेन्टर
_c2010
270 _a17, अशोक मार्ग
_bलखनऊ
_k0522 2230381
300 _axvi,101पृ.
_c22सेमी (सजिल्द)
650 _aहिन्दी कविता
_9697
942 _2ddc
_cHN
_h821
_mखरेदे
999 _c42392
_d42392